000
00267nam a22001217a 4500
008
180226b xxu||||| |||| 00| 0 eng d
041
_a
eng
080
_a
617
100
_a
6
101
_a
ANE
245
_a
Anesthesia for Ophthalmology
_c
Bruce, R.A
942
_2
udc
_c
BK
999
_c
43516
_d
43516